[Event "Xtracon Grand Master 2015"]
[Site "Asgaard Skole, Koge"]
[Date "2015.10.17"]
[Round "7.1"]
[White "Miezis, Normunds"]
[Black "Korneev, Oleg"]
[Result "1/2-1/2"]
[WhiteElo "2494"]
[BlackElo "2594"]
[PlyCount "68"]
[EventDate "2015.??.??"]
[WhiteClock "0:11:07"]
[BlackClock "0:00:43"]

1. c4 e6 2. e4 d5 3. exd5 exd5 4. d4 Bb4+ 5. Bd2 Bxd2+ 6. Nxd2 Ne7 7. Ngf3 O-O
8. Be2 dxc4 9. Nxc4 Nd7 10. O-O Nb6 11. Rc1 c6 12. Re1 Be6 13. b3 Ng6 14. Qd2
Qf6 15. Qg5 Rad8 16. Qxf6 gxf6 17. Na5 Bc8 18. g3 Rfe8 19. Bf1 Nf8 20. b4 Rxe1
21. Rxe1 Ne6 22. Nb3 Nd5 23. a3 Kf8 24. Nfd2 Ndc7 25. Nf3 Ng5 26. Nh4 Nb5 27.
f4 Ne6 28. Bxb5 cxb5 29. Rc1 Ng7 30. d5 Bh3 31. Rc7 b6 32. Nd2 Rxd5 33. Ne4 Ne8
34. Rxa7 Rd4 1/2-1/2

[Event "Xtracon Grand Master 2015"]
[Site "Asgaard Skole, Koge"]
[Date "2015.10.17"]
[Round "7.3"]
[White "Chatalbashev, Boris"]
[Black "Blomqvist, Erik"]
[Result "1-0"]
[WhiteElo "2550"]
[BlackElo "2530"]
[PlyCount "57"]
[EventDate "2015.??.??"]
[WhiteClock "0:10:17"]
[BlackClock "0:13:08"]

1. d4 Nf6 2. c4 e6 3. Nc3 Bb4 4. Nf3 b6 5. Qb3 c5 6. Bg5 h6 7. Bh4 Nc6 8. d5
Ne7 9. Bxf6 gxf6 10. O-O-O exd5 11. Nxd5 Nxd5 12. cxd5 d6 13. e4 Ba5 14. Bb5+
Kf8 15. h3 a6 16. Bc6 Ra7 17. Qe3 b5 18. g4 Bb6 19. Qf4 c4 20. h4 Bxf2 21. g5
fxg5 22. hxg5 h5 23. e5 Bc5 24. e6 Kg7 25. Nd4 Kg6 26. Qe4+ Kg7 27. Nf5+ Kf8
28. Qf4 Qb6 29. Rhe1 1-0

[Event "Xtracon Grand Master 2015"]
[Site "Asgaard Skole, Koge"]
[Date "2015.10.17"]
[Round "7.4"]
[White "Andreasen, Henrik"]
[Black "Rozentalis, Eduardas"]
[Result "0-1"]
[WhiteElo "2219"]
[BlackElo "2541"]
[PlyCount "50"]
[EventDate "2015.??.??"]
[WhiteClock "0:47:50"]
[BlackClock "0:49:41"]

1. d4 Nf6 2. c4 e6 3. Nc3 Bb4 4. Qc2 d6 5. a3 Bxc3+ 6. Qxc3 Nbd7 7. g3 e5 8.
Bg2 O-O 9. Nf3 e4 10. Ng5 Re8 11. O-O h6 12. Nh3 c6 13. f3 d5 14. b3 exf3 15.
exf3 dxc4 16. bxc4 Nb6 17. Rd1 Be6 18. Bf1 Nxc4 19. Bxc4 Bxh3 20. Qb3 Qd7 21.
Be3 b5 22. Bf1 Bxf1 23. Kxf1 Nd5 24. Bf2 Qh3+ 25. Kg1 Re2 0-1

[Event "Xtracon Grand Master 2015"]
[Site "Asgaard Skole, Koge"]
[Date "2015.10.17"]
[Round "7.5"]
[White "Maiorov, Nikita"]
[Black "Percivaldi, Martin"]
[Result "1-0"]
[WhiteElo "2538"]
[BlackElo "2246"]
[PlyCount "71"]
[EventDate "2015.??.??"]
[WhiteClock "0:32:49"]
[BlackClock "0:19:18"]

1. d4 d5 2. c4 c6 3. Nc3 dxc4 4. e3 b5 5. a4 b4 6. Na2 e6 7. Bxc4 Ba6 8. Bxa6
Nxa6 9. Nf3 Nf6 10. O-O c5 11. Qe2 Qb6 12. Bd2 Rb8 13. Nc1 Nc7 14. Nb3 Nd7 15.
Rfc1 Bd6 16. e4 Qa6 17. Qxa6 Nxa6 18. Rc2 e5 19. d5 Ke7 20. Be3 Rbc8 21. Nfd2
Nb6 22. a5 Nd7 23. Nc4 f6 24. g3 g6 25. Re1 Nc7 26. Nxd6 Kxd6 27. Nxc5 Na6 28.
Nb7+ Ke7 29. Rec1 Rxc2 30. Rxc2 Rb8 31. Rc6 Rxb7 32. Rxa6 f5 33. Rxa7 Rxa7 34.
Bxa7 fxe4 35. a6 Kd6 36. Be3 1-0

[Event "Xtracon Grand Master 2015"]
[Site "Asgaard Skole, Koge"]
[Date "2015.10.17"]
[Round "7.6"]
[White "Antonsen, Mikkel Djernæs"]
[Black "Ahlander, Björn"]
[Result "1/2-1/2"]
[WhiteElo "2459"]
[BlackElo "2378"]
[PlyCount "63"]
[EventDate "2015.??.??"]
[WhiteClock "0:55:36"]
[BlackClock "0:12:59"]

1. d4 Nf6 2. c4 e6 3. Nf3 d5 4. Nc3 Be7 5. Bg5 O-O 6. e3 h6 7. Bh4 b6 8. Bxf6
Bxf6 9. cxd5 exd5 10. Be2 Be6 11. O-O c5 12. Rc1 Nd7 13. dxc5 Bxc3 14. Rxc3
bxc5 15. Bb5 Rb8 16. Bxd7 Qxd7 17. Rxc5 Rxb2 18. a4 Rb4 19. Nd4 Qxa4 20. Qxa4
Rxa4 21. Rb1 Rc4 22. Ra5 Rfc8 23. f4 Rc1+ 24. Rxc1 Rxc1+ 25. Kf2 Rc7 26. f5 Bd7
27. Rxd5 Kf8 28. e4 f6 29. g4 Kf7 30. h4 g6 31. e5 fxe5 32. Rxe5 1/2-1/2

[Event "Xtracon Grand Master 2015"]
[Site "Asgaard Skole, Koge"]
[Date "2015.10.17"]
[Round "7.7"]
[White "Doluhanova, Evgeniya"]
[Black "Okhotnik, Vladimir"]
[Result "1-0"]
[WhiteElo "2216"]
[BlackElo "2448"]
[PlyCount "99"]
[EventDate "2015.??.??"]
[WhiteClock "0:33:09"]
[BlackClock "0:39:12"]

1. e4 e5 2. Nf3 d6 3. d4 exd4 4. Nxd4 Nf6 5. Nc3 Be7 6. Bd3 O-O 7. O-O c5 8.
Nf3 Bg4 9. h3 Bh5 10. Bf4 Nc6 11. Nd5 Re8 12. c3 a6 13. Re1 b5 14. a4 b4 15.
Ne3 bxc3 16. bxc3 Bg6 17. Nd5 Nxd5 18. exd5 Na5 19. Rb1 Qd7 20. Bxg6 hxg6 21.
Qc2 c4 22. Re4 Bf8 23. Rbe1 Rxe4 24. Qxe4 Qf5 25. Qd4 Rc8 26. Be3 Nb3 27. Qb6
Qxd5 28. Qxa6 Qc6 29. Qxc6 Rxc6 30. Nd4 Rc8 31. Rb1 Nc5 32. a5 Ra8 33. Nc6 Rc8
34. Bxc5 Rxc6 35. Bb6 Rc8 36. a6 d5 37. a7 Ra8 38. Bc5 Bd6 39. Bxd6 Rxa7 40.
Bc5 Ra5 41. Rb8+ Kh7 42. Bd4 f6 43. f4 Ra6 44. Rd8 Ra5 45. Kf2 Rb5 46. Kf3 Ra5
47. g4 Rb5 48. g5 fxg5 49. fxg5 Rb1 50. Rxd5 1-0

[Event "Xtracon Grand Master 2015"]
[Site "Asgaard Skole, Koge"]
[Date "2015.10.17"]
[Round "7.8"]
[White "Danielsen, Henrik"]
[Black "Nielsen, Rógvi Egilstoft"]
[Result "1/2-1/2"]
[WhiteElo "2509"]
[BlackElo "2301"]
[PlyCount "103"]
[EventDate "2015.??.??"]
[WhiteClock "1:07:14"]
[BlackClock "0:16:19"]

1. f4 e5 2. fxe5 d6 3. Nf3 dxe5 4. Nxe5 Bd6 5. Nf3 g5 6. g3 g4 7. Nh4 Ne7 8.
Nc3 Ng6 9. Nxg6 hxg6 10. Ne4 Be5 11. c3 f5 12. Nf2 c5 13. Bg2 Nc6 14. d3 Be6
15. Qa4 Qd6 16. Bf4 Kf7 17. Bxc6 bxc6 18. O-O Bxf4 19. Qxf4 Qxf4 20. gxf4 c4
21. b3 cxd3 22. Nxd3 Rh3 23. Nf2 Rxc3 24. Rac1 Re3 25. Rxc6 g3 26. Nh3 gxh2+
27. Kxh2 Rxe2+ 28. Rf2 Rxf2+ 29. Nxf2 a5 30. Nh3 Ke7 31. Rc3 a4 32. bxa4 Rxa4
33. a3 Bd5 34. Kg3 Rc4 35. Rxc4 Bxc4 36. Kh4 Kd6 37. Kg5 Bf7 38. Kf6 Be8 39.
Ng5 Kd5 40. Ke7 Ba4 41. Kf7 Kc4 42. Kxg6 Bc2 43. Ne6 Bb1 44. Kf6 Kb3 45. Nd4+
Kxa3 46. Ke5 Kb4 47. Nxf5 Kc5 48. Ne7 Bd3 49. Nd5 Bc2 50. Ne7 Bd3 51. Nd5 Bc2
52. Ne7 1/2-1/2

[Event "Xtracon Grand Master 2015"]
[Site "Asgaard Skole, Koge"]
[Date "2015.10.17"]
[Round "7.10"]
[White "Hagen, Andreas Skytte"]
[Black "Pedersen, Hans Dahl"]
[Result "1-0"]
[WhiteElo "2396"]
[BlackElo "2187"]
[PlyCount "55"]
[EventDate "2015.??.??"]
[WhiteClock "0:26:44"]
[BlackClock "0:48:04"]

1. d4 d5 2. c4 c6 3. Nf3 Nf6 4. Nc3 dxc4 5. a4 Bf5 6. e3 e6 7. Bxc4 Bb4 8. O-O
Nbd7 9. Qe2 O-O 10. e4 Bg4 11. Rd1 Qa5 12. h3 Bh5 13. e5 Nd5 14. Nxd5 cxd5 15.
Bd3 Bg6 16. Ng5 Rac8 17. h4 Qc7 18. Bd2 Bxd2 19. Rxd2 Bxd3 20. Qxd3 g6 21. h5
h6 22. Nxe6 Nxe5 23. dxe5 fxe6 24. Qxg6+ Qg7 25. Qxe6+ Kh8 26. Qxd5 Rce8 27.
Re1 Rf5 28. Qd7 1-0

[Event "Xtracon Grand Master 2015"]
[Site "Asgaard Skole, Koge"]
[Date "2015.10.17"]
[Round "7.11"]
[White "Nielsen, Høgni Egilstoft"]
[Black "Henriksen, Kasper"]
[Result "1-0"]
[WhiteElo "2314"]
[BlackElo "2158"]
[PlyCount "51"]
[EventDate "2015.??.??"]
[WhiteClock "0:05:49"]
[BlackClock "0:30:21"]

1. e4 e5 2. Nf3 Nc6 3. Bc4 Bc5 4. c3 Nf6 5. d3 d6 6. Nbd2 a6 7. Bb3 Ba7 8. h3
h6 9. Nf1 d5 10. Qe2 Qd6 11. Ng3 O-O 12. O-O Re8 13. Nh4 Ne7 14. Qf3 c6 15. Kh1
Kh7 16. Be3 g6 17. Bxa7 Rxa7 18. Qe3 c5 19. f4 b6 20. fxe5 Qxe5 21. Qf2 Neg8
22. exd5 Rae7 23. Rad1 Qg5 24. Ne4 Nxe4 25. dxe4 f5 26. e5 1-0

[Event "Xtracon Grand Master 2015"]
[Site "Asgaard Skole, Koge"]
[Date "2015.10.17"]
[Round "7.12"]
[White "Bekker-Jensen, David"]
[Black "Hartung-Nielsen, Jens"]
[Result "1-0"]
[WhiteElo "2287"]
[BlackElo "2183"]
[PlyCount "101"]
[EventDate "2015.??.??"]
[WhiteTeam "Philidor"]
[BlackTeam "Jernbanens Skakklub"]

1. d4 Nf6 2. c4 e6 3. Nc3 Bb4 4. e3 b6 5. Nge2 Ne4 6. Bd2 Nxd2 7. Qxd2 d5 8. a3
Be7 9. cxd5 exd5 10. Nf4 Bb7 11. Be2 O-O 12. Nfxd5 Bd6 13. Bf3 c6 14. Nb4 Bxb4
15. axb4 Qe7 16. b5 cxb5 17. Nd5 Qd7 18. Nxb6 axb6 19. Rxa8 Bxa8 20. Bxa8 Qa7
21. Bf3 Qa1+ 22. Bd1 Qa5 23. Qxa5 bxa5 24. Be2 b4 25. Bb5 Rd8 26. Ke2 g6 27.
Rc1 Nd7 28. Bxd7 Rxd7 29. Rc8+ Kg7 30. Ra8 Rc7 31. d5 Rc5 32. d6 Rd5 33. Ra6 f5
34. f3 Kf7 35. e4 fxe4 36. fxe4 Re5 37. Ke3 Ke6 38. Kd4 Rh5 39. h3 Rg5 40. e5
Rxg2 41. Ra7 Rxb2 42. Re7+ Kf5 43. Kd3 b3 44. d7 Rb1 45. Kd2 b2 46. Kc2 Rd1 47.
Kxb2 g5 48. e6 h5 49. Re8 g4 50. hxg4+ hxg4 51. e7 1-0

[Event "Xtracon Grand Master 2015"]
[Site "Asgaard Skole, Koge"]
[Date "2015.10.17"]
[Round "7.13"]
[White "Lauritsen, Martin Lee"]
[Black "Petersen, Peter Birk"]
[Result "0-1"]
[WhiteElo "2097"]
[BlackElo "2179"]
[PlyCount "50"]
[EventDate "2015.??.??"]
[WhiteTeam "Tåstrup Skakforening"]
[BlackTeam "Tåstrup Skakforening"]

1. e4 c5 2. Nf3 e6 3. d4 cxd4 4. Nxd4 Nc6 5. Nxc6 bxc6 6. Bd3 Nf6 7. O-O d5 8.
Nc3 Be7 9. Qf3 O-O 10. Bg5 Nd7 11. Bxe7 Qxe7 12. Rfe1 Qb4 13. Rab1 Qa5 14. a3
Rb8 15. Red1 d4 16. Ne2 c5 17. Qg3 Ba6 18. Qd6 Bxd3 19. cxd3 Qa4 20. b4 Rb6 21.
Qe7 Rfb8 22. Rdc1 R6b7 23. Nf4 Qxa3 24. b5 Rxb5 25. Ra1 Qxa1 0-1

[Event "Xtracon Grand Master 2015"]
[Site "Asgaard Skole, Koge"]
[Date "2015.10.17"]
[Round "7.15"]
[White "Eriksson, Christian Altenburg"]
[Black "Nielsen, Jan Mose"]
[Result "1-0"]
[WhiteElo "2215"]
[BlackElo "2014"]
[PlyCount "35"]
[EventDate "2015.??.??"]
[WhiteTeam "Tåstrup Skakforening"]
[BlackTeam "Tåstrup Skakforening"]

1. e4 e5 2. Nf3 Nc6 3. d4 exd4 4. Nxd4 Qh4 5. Nc3 Bb4 6. Be2 Qxe4 7. Ndb5 Bxc3+
8. bxc3 Kd8 9. O-O Nge7 10. Re1 a6 11. Bf3 Qg6 12. Nd4 d6 13. Rb1 Nxd4 14. cxd4
Rb8 15. Rb3 c6 16. Bf4 Nd5 17. Bxd5 cxd5 18. Rg3 1-0

[Event "Xtracon Grand Master 2015"]
[Site "Asgaard Skole, Koge"]
[Date "2015.10.17"]
[Round "7.16"]
[White "Schou-Moldt, Thomas"]
[Black "Pedersen, Henrik Dahl"]
[Result "1-0"]
[WhiteElo "2144"]
[BlackElo "2199"]
[PlyCount "71"]
[EventDate "2015.??.??"]
[WhiteTeam "Skakforeningen ØBRO"]
[BlackTeam "Køge Skakklub"]

1. e4 c6 2. d4 d5 3. e5 Bf5 4. Nf3 e6 5. Be2 c5 6. Be3 cxd4 7. Nxd4 Ne7 8. Nd2
Nbc6 9. N2f3 h6 10. O-O g5 11. Nb5 Bg7 12. Nd6+ Kf8 13. Nd4 Bxe5 14. N6xf5 exf5
15. f4 Bc7 16. Kh1 Qd7 17. Bb5 Ng6 18. Qd3 gxf4 19. Bd2 a6 20. Ba4 Re8 21. Rae1
Re4 22. Nxc6 Rxa4 23. Nb4 Be5 24. b3 Ra5 25. c4 Kg7 26. cxd5 Rc5 27. Qh3 Bf6
28. Nd3 Rc2 29. Nxf4 Nxf4 30. Bxf4 Qxd5 31. Bg3 Rc5 32. b4 Rb5 33. a4 Rxb4 34.
Rxf5 Qb3 35. Ref1 Bg5 36. Rxg5+ 1-0

[Event "Xtracon Grand Master 2015"]
[Site "Asgaard Skole, Koge"]
[Date "2015.10.17"]
[Round "7.17"]
[White "Pedersen, Jan Nordenbæk"]
[Black "Andersen, Rune"]
[Result "1-0"]
[WhiteElo "2196"]
[BlackElo "2103"]
[PlyCount "63"]
[EventDate "2015.??.??"]
[WhiteTeam "Hillerød Skakklub"]
[BlackTeam "Bornholms Skakklub"]

1. e4 c5 2. Nf3 Nc6 3. d4 cxd4 4. Nxd4 Nf6 5. Nc3 e5 6. Ndb5 d6 7. Bg5 a6 8.
Na3 b5 9. Bxf6 gxf6 10. Nd5 Bg7 11. c3 f5 12. exf5 Bxf5 13. Nc2 O-O 14. Nce3
Be6 15. Bd3 f5 16. O-O Ne7 17. Nxe7+ Qxe7 18. Bxf5 Bf7 19. Be4 Rad8 20. Bd5
Bxd5 21. Qxd5+ Kh8 22. a4 Rb8 23. axb5 Rxb5 24. Qe4 Qf7 25. Rxa6 d5 26. Qd3 Qb7
27. Ra7 Qb6 28. Rd7 e4 29. Qd1 d4 30. cxd4 Rxb2 31. Nc4 Qc6 32. Rxg7 1-0

[Event "Xtracon Grand Master 2015"]
[Site "Asgaard Skole, Koge"]
[Date "2015.10.17"]
[Round "7.18"]
[White "Høi, Carsten"]
[Black "Larsen, Preben R"]
[Result "1-0"]
[WhiteElo "2377"]
[BlackElo "1844"]
[PlyCount "51"]
[EventDate "2015.??.??"]
[WhiteTeam "Brønshøj Skakforening"]
[BlackTeam "Roskilde Skakklub"]

1. d4 d5 2. Nf3 c6 3. c4 dxc4 4. e4 b5 5. a4 e6 6. b3 Bb4+ 7. Bd2 Bxd2+ 8. Qxd2
cxb3 9. axb5 Ne7 10. Qb4 O-O 11. Nbd2 cxb5 12. Bxb5 Nbc6 13. Qc3 Qb6 14. Bxc6
Nxc6 15. Nxb3 Rb8 16. Nc5 Qb4 17. Qxb4 Rxb4 {(=)} 18. O-O Nxd4 19. Nxd4 Rxd4
20. Rxa7 Rfd8 21. f3 Rd1 22. Rxd1 Rxd1+ 23. Kf2 Rc1 24. Rc7 Kf8 25. Rxc8+ Ke7
26. e5 1-0

[Event "Xtracon Grand Master 2015"]
[Site "Asgaard Skole, Koge"]
[Date "2015.10.17"]
[Round "7.19"]
[White "Wang, Peter"]
[Black "Jacobsen, Mikkel Manosri"]
[Result "1/2-1/2"]
[WhiteElo "1888"]
[BlackElo "2331"]
[PlyCount "78"]
[EventDate "2015.??.??"]
[WhiteTeam "Køge Skakklub"]
[BlackTeam "BMS Skak"]

1. d4 d5 2. Nf3 Nf6 3. e3 Bg4 4. Be2 e6 5. O-O Bd6 6. b3 Ne4 7. Bb2 Nd7 8. Nbd2
Nxd2 9. Nxd2 h5 10. e4 dxe4 11. Nxe4 Nf6 12. Nxd6+ Qxd6 13. c4 O-O-O 14. f3 Bf5
15. Qe1 c6 16. Qc3 h4 17. Rad1 Nh5 18. Qa5 h3 19. g4 Nf4 20. Rf2 Nxe2+ 21. Rxe2
Qf4 22. Rf2 Bxg4 23. Bc1 Qf5 24. Qc3 e5 25. d5 e4 26. fxe4 Qg6 27. Rd3 Bf3+ 28.
Kf1 Bg2+ 29. Ke1 Qxe4+ 30. Re3 Qg6 31. Re7 Rhe8 32. Qe5 Rxe7 33. Qxe7 f5 34.
Re2 Be4 35. Bf4 Qg1+ 36. Kd2 Qd4+ 37. Ke1 Qg1+ 38. Kd2 Qd4+ 39. Ke1 Qg1+
1/2-1/2

[Event "Xtracon Grand Master 2015"]
[Site "Asgaard Skole, Koge"]
[Date "2015.10.17"]
[Round "7.20"]
[White "Nielsen, Morten Majlund"]
[Black "Bruun, Henrik Emil"]
[Result "0-1"]
[WhiteElo "1980"]
[BlackElo "2115"]
[PlyCount "58"]
[EventDate "2015.??.??"]
[WhiteTeam "Skakforeningen Odysseus"]
[BlackTeam "Nørrebro Skakklub"]

1. d4 d6 2. c4 g6 3. Nc3 Bg7 4. g3 Nf6 5. Nf3 O-O 6. Bg2 Nc6 7. O-O a6 8. Re1
Rb8 9. e4 Bg4 10. h3 Bxf3 11. Bxf3 e5 12. Ne2 Nd7 13. d5 Nd4 14. Nxd4 exd4 15.
Be2 c5 16. Bf4 Qe7 17. Rb1 Be5 18. Bxe5 Qxe5 19. b4 Rfe8 20. bxc5 Nxc5 21. Bf3
b5 22. cxb5 Rxb5 23. Rxb5 axb5 24. Re2 d3 25. Rd2 Ra8 26. Kg2 Qc3 27. Kh2 Ra3
28. Bg2 b4 29. h4 b3 0-1

[Event "Xtracon Grand Master 2015"]
[Site "Asgaard Skole, Koge"]
[Date "2015.10.17"]
[Round "7.21"]
[White "Chittka, Julius"]
[Black "Mølvig, Julius"]
[Result "0-1"]
[WhiteElo "2053"]
[BlackElo "1879"]
[PlyCount "49"]
[EventDate "2015.??.??"]
[BlackTeam "Roskilde Skakklub"]

1. d4 Nf6 2. c4 g6 3. Nc3 Bg7 4. e4 d6 5. Nf3 O-O 6. h3 e5 7. d5 a5 8. Bg5 h6
9. Be3 Na6 10. Be2 Nd7 11. g4 Ndc5 12. Qd2 Kh7 13. O-O-O Bd7 14. Rdg1 Rb8 15.
h4 Na4 16. Nxa4 Bxa4 17. h5 g5 18. Bxg5 hxg5 19. h6 Bf6 20. Rg3 Rg8 21. Ng1 Nc5
22. Bd3 Nxd3+ 23. Qxd3 Rg6 24. Rgh3 Bd7 25. Qg3 0-1

[Event "Xtracon Grand Master 2015"]
[Site "Asgaard Skole, Koge"]
[Date "2015.10.17"]
[Round "7.22"]
[White "Martinez Vestergaard, Kristian"]
[Black "Lauritsen, Niels"]
[Result "0-1"]
[WhiteElo "1891"]
[BlackElo "2109"]
[PlyCount "126"]
[EventDate "2015.??.??"]
[BlackTeam "Skakforeningen ØBRO"]

1. e4 Nc6 2. Nf3 d6 3. d4 Bg4 4. c3 Nf6 5. Nbd2 e5 6. d5 Ne7 7. Bd3 Ng6 8. O-O
Be7 9. Re1 O-O 10. Nf1 Nh4 11. Be2 Nxf3+ 12. Bxf3 Bd7 13. Ng3 h6 14. Bd2 Nh7
15. Bg4 Bg5 16. Bxg5 hxg5 17. Bxd7 Qxd7 18. Qh5 g6 19. Qh6 Qg4 20. Re3 Qh4 21.
Qxh4 gxh4 22. Nh1 Ng5 23. h3 Kg7 24. f3 Nh7 25. Nf2 Nf6 26. c4 Nh5 27. Kf1 b6
28. Ra3 a5 29. Re1 Ng3+ 30. Kg1 f5 31. Ree3 Kh6 32. Nh1 Nh5 33. Kf1 Kg5 34. Ra4
Rae8 35. Nf2 Rf7 36. a3 Rff8 37. b4 axb4 38. axb4 Ra8 39. Rea3 Rxa4 40. Rxa4
Ng3+ 41. Kg1 fxe4 42. Nxe4+ Nxe4 43. fxe4 Kf4 44. Ra7 Rc8 45. c5 bxc5 46. bxc5
Kxe4 47. cxd6 cxd6 48. Rg7 Rc1+ 49. Kf2 Rc2+ 50. Kf1 Ke3 51. Kg1 Rc1+ 52. Kh2
Rd1 53. Rxg6 Rxd5 54. Rh6 Rd4 55. Rf6 d5 56. Rf3+ Ke2 57. Ra3 e4 58. g4 hxg3+
59. Rxg3 e3 60. Rg2+ Kd3 61. Ra2 e2 62. Ra3+ Kd2 63. Ra2+ Ke3 0-1

[Event "Xtracon Grand Master 2015"]
[Site "Asgaard Skole, Koge"]
[Date "2015.10.17"]
[Round "7.23"]
[White "Smidt-Nielsen, Henrik"]
[Black "Moe, Mogens"]
[Result "1/2-1/2"]
[WhiteElo "1908"]
[BlackElo "2082"]
[PlyCount "51"]
[EventDate "2015.??.??"]
[WhiteTeam "Køge Skakklub"]
[BlackTeam "Sjælsø Skakklub"]

1. Nf3 Nf6 2. c4 g6 3. d4 d5 4. cxd5 Nxd5 5. e4 Nb6 6. Nc3 Bg7 7. Be3 O-O 8.
Qd2 Bg4 9. Be2 Bxf3 10. gxf3 e5 11. O-O-O exd4 12. Bxd4 Bxd4 13. Qxd4 Qxd4 14.
Rxd4 c5 15. Rd2 Nc6 16. Rhd1 Nd4 17. Nb5 Ne6 18. Nd6 Rab8 19. Nc4 Nd4 20. Nxb6
axb6 21. f4 b5 22. Bf1 Rfd8 23. Bxb5 Kf8 24. Bf1 Ke7 25. Bg2 b6 26. e5 1/2-1/2

[Event "Xtracon Grand Master 2015"]
[Site "Asgaard Skole, Koge"]
[Date "2015.10.17"]
[Round "7.24"]
[White "Larsen, Ulrik"]
[Black "Nielsen, Jens Holm"]
[Result "1-0"]
[WhiteElo "1996"]
[BlackElo "1827"]
[PlyCount "103"]
[EventDate "2015.??.??"]
[WhiteTeam "Køge Skakklub"]
[BlackTeam "Amager Skakforening"]

1. e4 d5 2. exd5 Qxd5 3. Nc3 Qd6 4. d4 Nf6 5. Be2 Nc6 6. Nb5 Qd8 7. Nf3 a6 8.
Nc3 e6 9. O-O Be7 10. Bg5 h6 11. Bh4 O-O 12. Re1 Re8 13. Qd2 Nd5 14. Bg3 Nxc3
15. bxc3 Bd6 16. Bf4 Qf6 17. Bg3 Bxg3 18. fxg3 Qd8 19. Bd3 Ne7 20. Rf1 Nd5 21.
Rae1 Bd7 22. Ne5 Rf8 23. c4 Nf6 24. Rxf6 Qxf6 25. Nxd7 Qxd4+ 26. Kh1 Qd6 27.
Nxf8 Rxf8 28. Qf4 Qb6 29. Qe4 g6 30. Qe3 Qxe3 31. Rxe3 Rd8 32. Kg1 Rd6 33. Be4
Rb6 34. Rb3 Rd6 35. Rxb7 f5 36. Bd3 Rc6 37. g4 Kg7 38. gxf5 gxf5 39. Ra7 Kf6
40. c5 Rxc5 41. Rxa6 c6 42. a4 Ke5 43. a5 Kf4 44. Kf2 e5 45. g3+ Kg5 46. c4 e4
47. h4+ Kf6 48. Be2 Ke5 49. Ke3 Kd6 50. Kd4 e3 51. Ra8 Re5 52. Rd8+ 1-0

[Event "Xtracon Grand Master 2015"]
[Site "Asgaard Skole, Koge"]
[Date "2015.10.17"]
[Round "7.25"]
[White "Rasmussen, Henning"]
[Black "Anghel, Mihai Ursta"]
[Result "0-1"]
[WhiteElo "1800"]
[BlackElo "1929"]
[PlyCount "100"]
[EventDate "2015.??.??"]
[WhiteTeam "Nykøbing Sjælland Skakklub"]
[BlackTeam "Skakforeningen ØBRO"]

1. d4 g6 2. c4 Bg7 3. Nc3 c5 4. d5 a6 5. e4 b5 6. Nf3 d6 7. cxb5 Nf6 8. bxa6
Nfd7 9. Be2 Bxa6 10. O-O O-O 11. Bxa6 Nxa6 12. Nd2 Qb6 13. Nc4 Qb4 14. Qd3 Ne5
15. Nxe5 Bxe5 16. Rb1 c4 17. Qc2 Nc5 18. Bd2 Rfb8 19. Ne2 Qa4 20. Qxa4 Rxa4 21.
Bc3 Nxe4 22. Bxe5 dxe5 23. Nc3 Nxc3 24. bxc3 Rxb1 25. Rxb1 Rxa2 26. Kf1 Rc2 27.
Re1 Rxc3 28. Rxe5 Kf8 29. Re4 f5 30. Rd4 Rd3 31. Rxc4 Rxd5 32. Ke2 Kf7 33. f4
Kf6 34. Rc6+ Rd6 35. Rc3 Rd4 36. Kf3 h6 37. h4 g5 38. hxg5+ hxg5 39. fxg5+ Kxg5
40. Re3 Kf6 41. g3 e5 42. Ra3 Kg5 43. Ra8 e4+ 44. Kg2 Rd2+ 45. Kh3 e3 46. Re8
e2 47. Re7 Kf6 48. Re8 Kf7 49. Re5 Kf6 50. Re8 Rb2 0-1

[Event "Xtracon Grand Master 2015"]
[Site "Asgaard Skole, Koge"]
[Date "2015.10.17"]
[Round "7.26"]
[White "Kirkebække, Mark"]
[Black "Andersen, Bjarne Hjorth"]
[Result "1/2-1/2"]
[WhiteElo "1759"]
[BlackElo "2037"]
[PlyCount "63"]
[EventDate "2015.??.??"]
[WhiteTeam "Tåstrup Skakforening"]
[BlackTeam "Køge Skakklub"]

1. e4 c6 2. Bc4 d5 3. Bb3 dxe4 4. Qh5 e6 5. Nc3 Nf6 6. Qh4 Be7 7. Nxe4 O-O 8.
d3 Nbd7 9. Bg5 h6 10. Be3 Nd5 11. Qg3 Nxe3 12. Qxe3 Qa5+ 13. c3 Nf6 14. Ne2 e5
15. O-O Bf5 16. N2g3 Bg6 17. f4 Nd5 18. Bxd5 cxd5 19. f5 dxe4 20. b4 Qa6 21.
fxg6 Qxd3 22. gxf7+ Rxf7 23. Qxe4 Qxe4 24. Nxe4 Rc8 25. Rad1 Rxf1+ 26. Kxf1 Rc7
27. Ke2 Kf7 28. Ke3 Ke6 29. g4 Rc6 30. a3 b5 31. Rg1 Ra6 32. Ra1 1/2-1/2

[Event "Xtracon Grand Master 2015"]
[Site "Asgaard Skole, Koge"]
[Date "2015.10.17"]
[Round "7.27"]
[White "Jacobsen, Heidrikur T"]
[Black "Bue, Gunnar"]
[Result "1-0"]
[WhiteElo "1963"]
[BlackElo "1640"]
[PlyCount "51"]
[EventDate "2015.??.??"]

1. Nc3 c5 2. e4 a6 3. a4 Nc6 4. Nf3 e6 5. d4 cxd4 6. Nxd4 Nf6 7. Nb3 Be7 8. Be3
b6 9. f4 d6 10. Be2 O-O 11. Bf3 Bb7 12. Qd2 Rc8 13. Qf2 Nd7 14. Rd1 Qc7 15. O-O
Bf6 16. Nd4 Nxd4 17. Bxd4 Bxd4 18. Qxd4 Qc5 19. Qxc5 Nxc5 20. Rxd6 Bc6 21. Rd4
e5 22. fxe5 Rfd8 23. Rfd1 Rxd4 24. Rxd4 Ne6 25. Rd6 Nc5 26. Bg4 1-0

[Event "Xtracon Grand Master 2015"]
[Site "Asgaard Skole, Koge"]
[Date "2015.10.17"]
[Round "7.28"]
[White "Philipsen, William Hørup"]
[Black "Marthedal, Anton Mehmet Yildiz"]
[Result "0-1"]
[WhiteElo "1955"]
[BlackElo "1866"]
[PlyCount "102"]
[EventDate "2015.??.??"]
[WhiteTeam "BMS Skak"]
[BlackTeam "BMS Skak"]

1. e4 c6 2. Bc4 d5 3. Bb3 dxe4 4. Qh5 g6 5. Qh4 Nf6 6. Nc3 Bg7 7. f3 e3 8. dxe3
Nbd7 9. e4 Nh5 10. Nge2 Qb6 11. g4 Ne5 12. Rf1 Nf6 13. h3 O-O 14. Bh6 Rd8 15.
f4 Bxh6 16. Qxh6 Qe3 17. g5 Qd2+ 18. Kf2 Nfg4+ 19. hxg4 Nxg4+ 20. Kg2 Nxh6 21.
Rad1 Ng4 22. Rxd2 Rxd2 23. Rf3 b6 24. Kg3 h5 25. f5 Ne5 26. fxg6 Nxf3 27. gxf7+
Kg7 28. Kxf3 Bg4+ 29. Ke3 Rd6 30. e5 Rg6 31. Ne4 Bxe2 32. Kxe2 e6 33. Kf3 Kxf7
34. Kf4 Ke7 35. c3 Rd8 36. Bc2 Rg7 37. b4 a5 38. bxa5 bxa5 39. Ba4 Rf7+ 40. Nf6
c5 41. Bc2 Rd2 42. Bb3 Rd3 43. Ke4 Rxc3 44. Nxh5 c4 45. Bd1 Rc1 46. Bg4 c3 47.
g6 c2 48. Kd3 Rg1 49. Kxc2 Rf2+ 50. Kb3 Rxg4 51. g7 Rf3+ 0-1

[Event "Xtracon Grand Master 2015"]
[Site "Asgaard Skole, Koge"]
[Date "2015.10.17"]
[Round "7.30"]
[White "Hein, Jacob"]
[Black "Jensen, Tommy"]
[Result "0-1"]
[WhiteElo "1415"]
[BlackElo "1849"]
[PlyCount "98"]
[EventDate "2015.??.??"]
[WhiteTeam "Espergærde Skakklub"]
[BlackTeam "Egedal-Jyllinge Skakklub"]

1. d4 d5 2. Bf4 Nf6 3. Nf3 e6 4. a3 Bd6 5. Ne5 O-O 6. e3 c5 7. c3 cxd4 8. Qxd4
Nc6 9. Nxc6 bxc6 10. b4 Re8 11. Bxd6 Qxd6 12. c4 e5 13. Qd2 d4 14. Nc3 {(=)}
Bf5 15. f3 Rad8 16. c5 Qd7 17. Nd1 Qe7 18. e4 Bc8 19. Nb2 Nh5 20. Nc4 Nf4 21.
Nd6 Rf8 22. Nxc8 Rxc8 23. g3 Ne6 24. Bh3 Rcd8 25. Qd3 Nc7 26. a4 Rb8 27. Qc4
Qg5 28. Ra3 a5 29. b5 cxb5 30. axb5 Rxb5 31. O-O Qe7 32. Rc1 Rfb8 33. Ra2 Rb4
34. Qf1 a4 35. Qd1 Qg5 36. Rxa4 Qe3+ 37. Kg2 Rxa4 38. Rc2 d3 39. Rf2 Rab4 40.
Bd7 Qd4 41. c6 Rb1 42. Qd2 R1b2 43. Qa5 Qxf2+ 44. Kh3 h5 45. Kh4 Qxh2+ 46. Bh3
g5+ 47. Kxg5 Qxg3+ 48. Bg4 Qf4+ 49. Kxh5 Rh2+ 0-1